Music Quiz

Random Music Quiz
Score 0/20 Timer 06:00
37 Plays Today
% Correct
Elvis Presley
99.5%
Elton John
89.4%
Jimi Hendrix
83.8%
Jay-Z
81.8%
Aretha Franklin
72.7%
George Harrison
72.4%
Freddie Mercury
70.6%
Jim Morrison
67.3%
Janis Joplin
56.8%
Alanis Morissette
55.4%
% Correct
Iggy Pop
52.6%
Billie Joe Armstrong
46.3%
Robert Plant
41.8%
Jerry Garcia
35%
Angus Young
34.6%
Lemmy Kilmister
24.3%
Beck Hansen
21.3%
Robert Johnson
19.4%
Duane Allman
15.7%
Neil Peart
15.6%
Remove Ads.
Support Sporcle.
Get the best of Sporcle when you Go Orange. This ad-free experience offers more features, more stats, and more fun while also helping to support Sporcle. Thank you for becoming a member.

You're not logged in!

Compare scores with friends on all Sporcle quizzes.
OR
Log In

Show Comments

Extras

Top Quizzes Today


Score Distribution

Your Account Isn't Verified!

In order to create a playlist on Sporcle, you need to verify the email address you used during registration. Go to your Sporcle Settings to finish the process.

Report this User

Report this user for behavior that violates our Community Guidelines.

Details: